00453nam a2200121 a 450000100100000000500170001000800410002711100940006824500670016226000610022930000280029004000130031800003190820200930063255.0110707s1983 dr 000 0 spa d aJuegos deportivos nacionalesc(San Pedro de Macorís, República Dominicanad1983n6: )10avi juegos deportivos nacionales San Pedro de Macorís 1983 /. aSan Pedro de Macoris, República Dominicana :bSEDEFIR. a255 p. :bil. ;c28 cm. aDO-SdBNP